<?xml version="1.0" encoding="UTF-8"?>
<record
    xmlns:xsi="http://www.w3.org/2001/XMLSchema-instance"
    xsi:schemaLocation="http://www.loc.gov/MARC21/slim http://www.loc.gov/standards/marcxml/schema/MARC21slim.xsd"
    xmlns="http://www.loc.gov/MARC21/slim">

  <leader>01702nam0a2200373   4500</leader>
  <controlfield tag="001">RU\NLR\bibl\730555</controlfield>
  <controlfield tag="005">20250613235624.0</controlfield>
  <datafield tag="010" ind1=" " ind2=" ">
    <subfield code="a">5-85457-227-3</subfield>
    <subfield code="b">&#x432; &#x43E;&#x431;&#x43B;.</subfield>
    <subfield code="9">500</subfield>
  </datafield>
  <datafield tag="021" ind1=" " ind2=" ">
    <subfield code="a">RU</subfield>
    <subfield code="b">2004-51631</subfield>
    <subfield code="9">2539</subfield>
  </datafield>
  <datafield tag="035" ind1=" " ind2=" ">
    <subfield code="a">RSL-KNO-002464459</subfield>
  </datafield>
  <datafield tag="035" ind1=" " ind2=" ">
    <subfield code="a">(NLR Aleph) 000720530</subfield>
  </datafield>
  <datafield tag="090" ind1=" " ind2=" ">
    <subfield code="a">700115</subfield>
    <subfield code="c">700115</subfield>
  </datafield>
  <datafield tag="100" ind1=" " ind2=" ">
    <subfield code="a">20040830d2004    |||y0rusy50      ca</subfield>
  </datafield>
  <datafield tag="101" ind1="0" ind2=" ">
    <subfield code="a">rus</subfield>
  </datafield>
  <datafield tag="102" ind1=" " ind2=" ">
    <subfield code="a">RU</subfield>
  </datafield>
  <datafield tag="105" ind1=" " ind2=" ">
    <subfield code="a">a   |||||||||</subfield>
  </datafield>
  <datafield tag="106" ind1=" " ind2=" ">
    <subfield code="a">r</subfield>
  </datafield>
  <datafield tag="200" ind1="1" ind2=" ">
    <subfield code="a">&#x41C;&#x43E;&#x44F; &#x431;&#x435;&#x441;&#x446;&#x435;&#x43D;&#x43D;&#x430;&#x44F; &#x421;&#x44E;&#x437;&#x430;&#x43D;&#x43D;&#x430;</subfield>
    <subfield code="e">&#x43F;&#x43E;&#x432;&#x435;&#x441;&#x442;&#x438; &#x438; &#x440;&#x430;&#x441;&#x441;&#x43A;&#x430;&#x437;&#x44B;</subfield>
    <subfield code="f">&#x411;&#x43E;&#x440;&#x438;&#x441; &#x411;&#x430;&#x434;&#x435;&#x435;&#x432;</subfield>
  </datafield>
  <datafield tag="210" ind1=" " ind2=" ">
    <subfield code="a">&#x422;&#x432;&#x435;&#x440;&#x44C;</subfield>
    <subfield code="c">&#x422;&#x432;&#x435;&#x440;. &#x43E;&#x431;&#x43B;. &#x43A;&#x43D;.-&#x436;&#x443;&#x440;&#x43D;. &#x438;&#x437;&#x434;-&#x432;&#x43E; (&#x422;&#x41A;&#x418;)</subfield>
    <subfield code="d">2004</subfield>
    <subfield code="e">&#x422;&#x432;&#x435;&#x440;. &#x43E;&#x431;&#x43B;. &#x442;&#x438;&#x43F;.</subfield>
  </datafield>
  <datafield tag="215" ind1=" " ind2=" ">
    <subfield code="a">221, [2] &#x441;.</subfield>
    <subfield code="c">&#x438;&#x43B;., &#x43F;&#x43E;&#x440;&#x442;&#x440;.</subfield>
    <subfield code="d">20</subfield>
  </datafield>
  <datafield tag="327" ind1="1" ind2=" ">
    <subfield code="a">&#x421;&#x43E;&#x434;&#x435;&#x440;&#x436;.: &#x41C;&#x43E;&#x44F; &#x431;&#x435;&#x441;&#x446;&#x435;&#x43D;&#x43D;&#x430;&#x44F; &#x421;&#x44E;&#x437;&#x430;&#x43D;&#x43D;&#x430;; &#x427;&#x435;&#x440;&#x43D;&#x44B;&#x435; &#x434;&#x44F;&#x442;&#x43B;&#x44B;; &#x41A;&#x43B;&#x430;&#x434;: &#x43F;&#x43E;&#x432;&#x435;&#x441;&#x442;&#x438;; &#x422;&#x44F;&#x436;&#x435;&#x43B;&#x44B;&#x439; &#x432;&#x437;&#x433;&#x43B;&#x44F;&#x434;; 500-&#x432;&#x435;&#x441;&#x435;&#x43B;&#x44B;&#x439;: &#x440;&#x430;&#x441;&#x441;&#x43A;&#x430;&#x437;&#x44B;</subfield>
  </datafield>
  <datafield tag="610" ind1="0" ind2=" ">
    <subfield code="a">&#x424;&#x438;&#x43B;&#x43E;&#x43B;&#x43E;&#x433;&#x438;&#x447;&#x435;&#x441;&#x43A;&#x438;&#x435; &#x43D;&#x430;&#x443;&#x43A;&#x438;. &#x425;&#x443;&#x434;&#x43E;&#x436;&#x435;&#x441;&#x442;&#x432;&#x435;&#x43D;&#x43D;&#x430;&#x44F; &#x43B;&#x438;&#x442;&#x435;&#x440;&#x430;&#x442;&#x443;&#x440;&#x430; -- &#x420;&#x43E;&#x441;&#x441;&#x438;&#x439;&#x441;&#x43A;&#x430;&#x44F; &#x424;&#x435;&#x434;&#x435;&#x440;&#x430;&#x446;&#x438;&#x44F; -- &#x420;&#x443;&#x441;&#x441;&#x43A;&#x430;&#x44F; &#x43B;&#x438;&#x442;&#x435;&#x440;&#x430;&#x442;&#x443;&#x440;&#x430; -- &#x441; &#x441;&#x435;&#x440;. 50-&#x445; &#x433;&#x433;. 20 &#x432;. -- &#x41F;&#x440;&#x43E;&#x438;&#x437;&#x432;&#x435;&#x434;&#x435;&#x43D;&#x438;&#x44F; &#x445;&#x443;&#x434;&#x43E;&#x436;&#x435;&#x441;&#x442;&#x432;&#x435;&#x43D;&#x43D;&#x43E;&#x439; &#x43B;&#x438;&#x442;&#x435;&#x440;&#x430;&#x442;&#x443;&#x440;&#x44B; -- &#x425;&#x443;&#x434;&#x43E;&#x436;&#x435;&#x441;&#x442;&#x432;&#x435;&#x43D;&#x43D;&#x430;&#x44F; &#x43F;&#x440;&#x43E;&#x437;&#x430; -- &#x420;&#x43E;&#x43C;&#x430;&#x43D;&#x44B;. &#x41F;&#x43E;&#x432;&#x435;&#x441;&#x442;&#x438;. &#x420;&#x430;&#x441;&#x441;&#x43A;&#x430;&#x437;&#x44B;</subfield>
  </datafield>
  <datafield tag="686" ind1=" " ind2=" ">
    <subfield code="a">&#x428;5(2=&#x420;)75-644</subfield>
    <subfield code="2">rubbk</subfield>
  </datafield>
  <datafield tag="686" ind1=" " ind2=" ">
    <subfield code="a">&#x428;6(2=&#x420;)75-44</subfield>
  </datafield>
  <datafield tag="700" ind1=" " ind2="1">
    <subfield code="a">&#x411;&#x430;&#x434;&#x435;&#x435;&#x432;</subfield>
    <subfield code="b">&#x411;. &#x421;.</subfield>
    <subfield code="g">&#x411;&#x43E;&#x440;&#x438;&#x441; &#x421;&#x442;&#x435;&#x43F;&#x430;&#x43D;&#x43E;&#x432;&#x438;&#x447;</subfield>
    <subfield code="4">070</subfield>
  </datafield>
  <datafield tag="801" ind1=" " ind2="0">
    <subfield code="a">RU</subfield>
    <subfield code="b">RuMoRKP</subfield>
    <subfield code="c">20040830</subfield>
    <subfield code="g">rcr</subfield>
  </datafield>
  <datafield tag="801" ind1=" " ind2="1">
    <subfield code="a">RU</subfield>
    <subfield code="b">RuMoRGB</subfield>
    <subfield code="c">20040830</subfield>
  </datafield>
  <datafield tag="801" ind1=" " ind2="2">
    <subfield code="a">RU</subfield>
    <subfield code="b">NLR</subfield>
    <subfield code="c">20050302</subfield>
    <subfield code="g">PSBO</subfield>
  </datafield>
  <datafield tag="830" ind1=" " ind2=" ">
    <subfield code="a">&#x430;&#x432;&#x442; &#x43F;&#x43E; &#x43A;&#x43D;</subfield>
  </datafield>
  <datafield tag="942" ind1=" " ind2=" ">
    <subfield code="c">BOOK</subfield>
  </datafield>
  <datafield tag="980" ind1=" " ind2=" ">
    <subfield code="a">NB</subfield>
  </datafield>
  <datafield tag="980" ind1=" " ind2=" ">
    <subfield code="a">NBR</subfield>
  </datafield>
  <datafield tag="995" ind1=" " ind2=" ">
    <subfield code="5">2005-03-02</subfield>
    <subfield code="a">ad</subfield>
    <subfield code="b">NLR01</subfield>
    <subfield code="c">NLR01</subfield>
    <subfield code="e">RF3</subfield>
    <subfield code="f">861390</subfield>
    <subfield code="k">2005-3/3991</subfield>
    <subfield code="o">0</subfield>
    <subfield code="r">BOOK</subfield>
    <subfield code="s">200533991_</subfield>
  </datafield>
  <datafield tag="995" ind1=" " ind2=" ">
    <subfield code="5">2005-03-02</subfield>
    <subfield code="a">ad</subfield>
    <subfield code="b">NLR01</subfield>
    <subfield code="c">NLR01</subfield>
    <subfield code="e">RF3</subfield>
    <subfield code="f">861391</subfield>
    <subfield code="k">2005-3/3991</subfield>
    <subfield code="o">0</subfield>
    <subfield code="r">BOOK</subfield>
    <subfield code="s">200533991_</subfield>
  </datafield>
</record>
